000 00342pam a2200133 a 4500
020 _c
041 _h
082 _a658.4
100 _aBROOKS (I)
_eauthor
245 _aOrganisational Behaviour: Individuals Groups and the Organisation
_hTextual Document
260 _bPitman Publication London
_c1999
300 _aIX,310
930 _a7780
999 _c837185
_d837185